000 00329nam a2200109Ia 4500
008 220204s9999 xx 000 0 und d
082 _aNR:62:678.061(063)
_bLAT
245 0 _aLatex technology: Papers presented at 131st meeting, Canada, 1987
260 _aOhio
_bACS
_c1987
490 _aACS Educational Symposium No.18
942 _cBK
999 _c40428
_d40428